000 00712nam a2200217Ia 4500
003 OSt
005 20250217160023.0
008 210210b2005 xxu||||| |||| 00| 0 eng d
020 _a8189353039
040 _cAL
041 _ahin
082 _aH891.109 RAVH
100 _aRAV (Somnath)
_9200375
110 _bराव सोमनाथ
_9200377
245 _aHindi khandkavy parampara: rameshvardayal dube ka yogdan:
_bहिंदी खंडकाव्य परंपरा रामेश्वरदयाल दुबे का योगदान
260 _aKanpur
_bAnnapurna prakashana
_c2005
300 _a320
690 _aHindi Criticism
_9200376
906 _a066725
942 _2ddc
_cBK
999 _c149185
_d149185